000 00607nam a2200205Ia 4500
005 20260121110355.0
008 008 260114s9999 xx 000 0 hin d
020 _a9788132304654
037 _aEBOOK
040 _aCRL
_bhin
_cCRL
041 _ahin
_2hin
084 _qCRL
100 _aरामदेव साह / Ram Sharan Das
_9945390
245 0 _aगैलीलियो / Galileo
260 _bभाषा प्रकाशन / Bhasha Prakashan
_c2020
856 _uhttps://bhashaprakashan.com/product-details/378116
942 _cEBOOK
999 _c1537054
_d1537054